Otnosno cenoobrazuvaneto na biologičnite sredstva za proizvodstvo v selskoto stopanstvo.

Skúmanie kvantitatívnych metód tvorby cien v živočíšnej výrobe a v dlhodobých porastoch. Cena biologickej jednotky ako investícia, ktorá má zabezpečiť minimálnu rentabilitu pri danej výrobe a danej situácii. Analýza funkcií inšpekcií zabezpečujúcich určenie úžitkovej hodnoty biologickej jednotky. Ro...

Descrizione completa

Salvato in:
Dettagli Bibliografici
Autore principale: Stankov, V.
Natura: Capitolo di libro
Lingua:bulgaro
Soggetti:
Tags: Aggiungi Tag
Nessun Tag, puoi essere il primo ad aggiungerne!!

MARC

LEADER 00000naa a2200000 4500
001 r011619
005 20221125115020.2
041 0 |a bul 
044 |a BG 
245 1 0 |a Otnosno cenoobrazuvaneto na biologičnite sredstva za proizvodstvo v selskoto stopanstvo.  |c V. Stankov 
520 |a Skúmanie kvantitatívnych metód tvorby cien v živočíšnej výrobe a v dlhodobých porastoch. Cena biologickej jednotky ako investícia, ktorá má zabezpečiť minimálnu rentabilitu pri danej výrobe a danej situácii. Analýza funkcií inšpekcií zabezpečujúcich určenie úžitkovej hodnoty biologickej jednotky. Rozpracovanie vzorcov určenia produktivity a ceny pri rôznom veku poľnohospodárskych zvierat. 
610 2 0 |a ceny 
610 2 0 |a tvorba cien 
610 2 0 |a výroba živočíšna 
610 2 0 |a lesy 
610 2 0 |a rentabilita výroby 
610 2 0 |a zvieratá 
100 1 |a Stankov, V.